Development of Materials Science in Research and Education (DMS - RE 2019) : Book of Abstracts of the 29th Joint Seminar : 2-6 September, 2019, Nová Lesná

Na minha lista:
Detalhes bibliográficos
Autor Corporativo: Joint seminar Nová Lesná (Development of Materials Science in Research and Education (DMS - RE 2019))
Formato: Conference Proceeding Livro
Idioma:inglês
Publicado em: Bratislava CSACG, 2019 ;
Tags: Adicionar Tag
Sem tags, seja o primeiro a adicionar uma tag!

MARC

LEADER 00000nam a22000003a 4500
001 0075675
003 SK-STU
005 20190919101258.5
007 ta
008 190913s ----xo-----e------100-0-----d
020 |a 978-80-8208-019-6 
040 |a STU  |b slo 
041 0 |a eng 
044 |a xo 
111 2 |a Joint seminar  |n 29th  |d 2.-6.9.2019 :  |c Nová Lesná.  |e Development of Materials Science in Research and Education (DMS - RE 2019) 
245 1 0 |a Development of Materials Science in Research and Education (DMS - RE 2019) :  |b Book of Abstracts of the 29th Joint Seminar : 2-6 September, 2019, Nová Lesná 
260 |b CSACG,  |c 2019 ;  |a Bratislava 
300 |a 58 s. 
996 |b 284M088202  |c M* Z-4457  |l MMKN  |s A  |a 24  |w 0075675_0001